000 00264nam a2200097Ia 4500
001 698738
005 20250826162057.0
008 250824s9999 xx 000 0 und d
245 0 _aHACI MURAT (ANTİK OKUL KLASİKLERİ)
_cTOLSTOY
260 _bANTİK DÜNYA KLASİKLERİ
999 _c698738
_d698738